000 00874cam a22002174a 4500
005 20250605164330.0
008 250528s ||||||||||||||||||||||||d
035 _a23199
020 _a9780273708483
040 _aGR-AtMCL
_bgre
_dGR-AtMCL
_eAACR2
245 1 _aQuantitative Analysis in Operations Management
250 _a1st
260 _bFt Prentice Hall,
_c2008
300 _a164
520 _aThis book provides the perfect practice ground for anyone tackling quantitative methods for the first time, or all those looking to brush up their quantitative knowledge. Acknowledgements, Introduction, Predictive Techniques, Descriptive Techniques, Evaluative Techniques, Optimising Techniques, Answers, Formula Review, Appendices.
700 1 _aBrandon-Jones Alistair
_98779
700 1 _aSlack Nigel
_91457
942 _cBK
999 _c8229
_d8229